kku e-library facility

Systems Analysis and Design (Record no. 125)

MARC details
000 -LEADER
fixed length control field 00389nam a2200145 4500
005 - DATE AND TIME OF LATEST TRANSACTION
control field 20260116102831.0
008 - FIXED-LENGTH DATA ELEMENTS--GENERAL INFORMATION
fixed length control field 260116b |||||||| |||| 00| 0 eng d
020 ## - INTERNATIONAL STANDARD BOOK NUMBER
International Standard Book Number 9780357117811
100 ## - MAIN ENTRY--PERSONAL NAME
Personal name Tilley Scott
245 ## - TITLE STATEMENT
Title Systems Analysis and Design
Statement of responsibility, etc. /Scott Tilley
250 ## - EDITION STATEMENT
Edition statement 12 ed
260 ## - PUBLICATION, DISTRIBUTION, ETC.
Place of publication, distribution, etc. USA;
Name of publisher, distributor, etc. Cengage Learning, Inc;
Date of publication, distribution, etc. 2020.
300 ## - PHYSICAL DESCRIPTION
Extent xvii; 488p.;
Dimensions 28.1cm
942 ## - ADDED ENTRY ELEMENTS (KOHA)
Source of classification or shelving scheme Library of Congress Classification
Suppress in OPAC No
Koha item type Books

No items available.

©2025 All rights reserved. KKU